| 000 | 01542cam a22004694i 4500 | ||
|---|---|---|---|
| 003 | PE-LiUPU | ||
| 005 | 20250731173050.0 | ||
| 008 | 180108s2016 xxu r 000 0 eng d | ||
| 020 | _a9780664235154 | ||
| 035 | _a(Sirsi) a240892 | ||
| 040 |
_aPE-LiUPU _bspa _cPE-LiUPU _erda |
||
| 049 | _aPRUA | ||
| 082 | 0 | 4 |
_a261.0973 _bF59 _223 |
| 100 | 1 |
_aFloyd-Thomas, Juan Marcial, _eautor. |
|
| 245 | 1 | 4 |
_aThe altars where we worship : _bthe religious significance of popular culture / _cJuan Floyd-Thomas. |
| 250 | _aPrimera edición. | ||
| 264 | 1 |
_aLouisville : _bAWestminster John Knox Press; _c2016 |
|
| 300 |
_a230 páginas ; _c23 centímetros |
||
| 336 |
_atext _2rdacontent |
||
| 337 |
_aunmediated _2rdamedia |
||
| 338 |
_avolume _2rdacarrier |
||
| 505 | 0 | _aBody and sex -- Big business -- Entertainment -- Politics -- Sports -- Science and technology. | |
| 526 | _aSEG42 | ||
| 526 | _aSEG41 | ||
| 526 | _aSEG40 | ||
| 526 | _aSEG39 | ||
| 526 | _aP94 | ||
| 526 | _aP87 | ||
| 526 | _aP86 | ||
| 526 | _aP85 | ||
| 526 | _aP77 | ||
| 526 | _aP76 | ||
| 526 | _aP35 | ||
| 650 | 1 | 4 |
_aCristianismo y cultura. _91358 |
| 650 | 2 | 4 | _aCultura popular. |
| 910 |
_adbm _bksl _cksl _d20180108 |
||
| 942 |
_2ddc _cBOOK |
||
| 994 |
_aC0 _bPEPRU |
||
| 596 | _a1 | ||
| 999 |
_a261.0973 F59 _wLC _c26587 _i77933 _d26587 _f2021-11-10 _g4 _lCCODEBUL1 _mBUL _p12.50 _q1 _r0 _sY _tBOOK _u2018-1-8 _xTEOLOGIA _PP85 _0DONACION _o.STAFF. Colección Teología |
||
| 980 |
_81 _gALBERTO SANCHEZ Responsable de Automatización |
||